书目信息 |
| 题名: |
小学语文阅读教学专题
|
|
| 作者: | 张慧 主编 | |
| 分册: | ||
| 出版信息: | 长春 东北师范大学出版社 2001 |
|
| 页数: | 260页 | |
| 开本: | 21cm | |
| 丛书名: | ||
| 单 册: | ||
| 中图分类: | G623.23 , G62 | |
| 科图分类: | ||
| 主题词: | 语文课--阅读教学--教学研究--小学 | |
| 电子资源: | ||
| ISBN: | 7-5602-2854-2 | |
| 000 | 00787nam0 2200241 450 | |
| 001 | 1567240227 | |
| 005 | 20150131184109.29 | |
| 010 | @a7-5602-2854-2@dCNY9.50 | |
| 100 | @a20020220d2001 em y0chiy0110 ea | |
| 101 | 0 | @achi |
| 102 | @aCN@b220000 | |
| 105 | @ay z 000yy | |
| 200 | 1 | @a小学语文阅读教学专题@9xiao xue yu wen yue du jiao xue zhuan ti@f张慧主编 |
| 210 | @a长春@c东北师范大学出版社@d2001 | |
| 215 | @a260页@d21cm | |
| 300 | @a全国中小学教师继续教育教材 | |
| 330 | @a本书包括小学语文教学大纲的比较研究、阅读教学的创造性思维训练、阅读教学的审美教育、阅读教学中的古诗教学等内容。 | |
| 606 | 0 | @a语文课@x阅读教学@x教学研究@x小学 |
| 690 | @aG623.23@v5 | |
| 690 | @aG62@v4 | |
| 701 | 0 | @a张慧@9zhang hui@4主编 |
| 801 | 0 | @aCN@bTSSF@c20150131 |
| 905 | @aZUCC@dG62@eJY256 | |
| 小学语文阅读教学专题/张慧主编.-长春:东北师范大学出版社,2001 |
| 260页;21cm |
| 全国中小学教师继续教育教材 |
| ISBN 7-5602-2854-2:CNY9.50 |
| 本书包括小学语文教学大纲的比较研究、阅读教学的创造性思维训练、阅读教学的审美教育、阅读教学中的古诗教学等内容。 |
| ● |
| 相关链接 |
|
|
|
|
正题名:小学语文阅读教学专题
索取号:G62/JY256
 
预约/预借
| 序号 | 登录号 | 条形码 | 馆藏地/架位号 | 状态 | 备注 |
| 1 | 7848002 | 278480029 | 学院路分馆/ [索取号:G62/JY256] | 在馆 | |
| 2 | 7848003 | 278480038 | 学院路分馆/ [索取号:G62/JY256] | 在馆 |